<?xml version="1.0" encoding="UTF-8"?>
<collection xmlns="http://www.loc.gov/MARC21/slim">
    <record>
        <controlfield tag="001">47527</controlfield>
        <controlfield tag="005">20160220115603.0</controlfield>
        <datafield tag="037" ind1=" " ind2=" ">
            <subfield code="a">TAZ-TFG-2015-2682</subfield>
        </datafield>
        <datafield tag="041" ind1=" " ind2=" ">
            <subfield code="a">spa</subfield>
        </datafield>
        <datafield tag="100" ind1="1" ind2=" ">
            <subfield code="a">Carbó Pombo, Héctor</subfield>
        </datafield>
        <datafield tag="245" ind1="0" ind2="0">
            <subfield code="a">Juegos motores en Educación Física: un estudio preliminar desde la motivación del alumnado.</subfield>
        </datafield>
        <datafield tag="260" ind1=" " ind2=" ">
            <subfield code="a">Zaragoza</subfield>
            <subfield code="b">Universidad de Zaragoza</subfield>
            <subfield code="c">2015</subfield>
        </datafield>
        <datafield tag="500" ind1=" " ind2=" ">
            <subfield code="a">Resumen también en inglés.</subfield>
        </datafield>
        <datafield tag="506" ind1=" " ind2=" ">
            <subfield code="a">by-nc-sa</subfield>
            <subfield code="b">Creative Commons</subfield>
            <subfield code="c">3.0</subfield>
            <subfield code="u">http://creativecommons.org/licenses/by-nc-sa/3.0/</subfield>
        </datafield>
        <datafield tag="520" ind1=" " ind2=" ">
            <subfield code="a">En el presente estudio se pretende evaluar la intervención docente en el calentamiento de sesiones de Educación Física (EF) y comprobar el efecto que tiene sobre diferentes variables motivacionales a nivel situacional en las clases de acrosport. Se contó con una muestra de 144 alumnos de 2º de Educación Secundaria Obligatoria de la ciudad de Zaragoza. Los participantes en el estudio completaron una unidad didáctica de acrosport en la que se realizaron seis intervenciones de tres situaciones diferentes (dos sesiones de cada situación): juegos cooperativos, juegos de oposición y juegos paradójicos. Se realizó un pre-test para evaluar que no existían diferencias previas en ambos grupos (control y experimental) en la predisposición de los sujetos hacia la EF a través de una adaptación de la Escala de predisposición hacia la Educación Física (PEPS). A continuación, en cada una de las intervenciones, se midió el interés situacional de los sujetos a través de la versión traducida al español del Cuestionario interés situacional (SIS). Y por último, al finalizar la UD, se midió: el disfrute experimentado; la percepción de los sujetos hacia el clima tarea y clima ego; la percepción del sujeto hacia el grado de autonomía experimentado, la satisfacción de las necesidades psicológicas básicas (NPB) y el tipo de motivación situacional reflejado. Todo ello a través de un compendio de cuestionarios (EMS, EPCM, BNPES, ASCQ y CDPD) en los que se evaluaron las variables que predicen el comportamiento de los sujetos hacia estas cuestiones. Y a pesar de que no se obtuvieron diferencias significativas en los análisis realizados para demostrar la hipótesis y objetivos del estudio, en los datos se pudieron observar tendencias de cambio positivas, en la mejora del interés situacional y motivación de los sujetos hacia la actividad física (AF), cuando se realizaban calentamientos orientados a la realización de juegos motores en contraposición a los calentamientos tradicionales. Pero, se necesitan más estudios y aplicaciones de este tipo para poder comprobar los posibles efectos de los distintos tipos de juego sobre las variables motivacionales en el alumnado que ayuden a desarrollar experiencias positivas durante las clases de EF.</subfield>
        </datafield>
        <datafield tag="521" ind1=" " ind2=" ">
            <subfield code="a">Graduado en Ciencias de la Actividad Física y del Deporte</subfield>
        </datafield>
        <datafield tag="540" ind1=" " ind2=" ">
            <subfield code="a">Derechos regulados por licencia Creative Commons</subfield>
        </datafield>
        <datafield tag="700" ind1=" " ind2=" ">
            <subfield code="a">García González, Luis</subfield>
            <subfield code="e">dir.</subfield>
        </datafield>
        <datafield tag="710" ind1="2" ind2=" ">
            <subfield code="a">Universidad de Zaragoza</subfield>
            <subfield code="b">Expresión Musical, Plástica y Corporal</subfield>
            <subfield code="c">Didáctica de la Expresión Corporal</subfield>
        </datafield>
        <datafield tag="856" ind1="0" ind2=" ">
            <subfield code="f">548118@celes.unizar.es</subfield>
        </datafield>
        <datafield tag="856" ind1="4" ind2=" ">
            <subfield code="s">1279445</subfield>
            <subfield code="u">http://zaguan.unizar.es/record/47527/files/TAZ-TFG-2015-2682.pdf</subfield>
            <subfield code="y">Memoria (spa)</subfield>
        </datafield>
        <datafield tag="909" ind1="C" ind2="O">
            <subfield code="o">oai:zaguan.unizar.es:47527</subfield>
            <subfield code="p">driver</subfield>
            <subfield code="p">trabajos-fin-grado</subfield>
        </datafield>
        <datafield tag="950" ind1=" " ind2=" ">
            <subfield code="a"></subfield>
        </datafield>
        <datafield tag="951" ind1=" " ind2=" ">
            <subfield code="a">deposita:2016-02-19</subfield>
        </datafield>
        <datafield tag="980" ind1=" " ind2=" ">
            <subfield code="a">TAZ</subfield>
            <subfield code="b">TFG</subfield>
            <subfield code="c">FCSHUES</subfield>
        </datafield>
    </record>

    
</collection>